000
00331 a2200145 4500
001
169886
020
_a
040
_c
Magnum
100
_a
Lobo, Aldina Silveira
240
1
0
_a
Aprendizagem assistida pela avaliacao
_l
por
245
1
0
_a
Aprendizagem assistida pela avaliacao
362
0
_a
1899
697
_a
ENSINO
942
_c
BK
999
_c
169886
_d
169886